[Event "ureki2015"]
[Site "?"]
[Date "2015.10.08"]
[Round "4.2"]
[White "Quparadze, Giga"]
[Black "Pantsulaia, Levan"]
[Result "1/2-1/2"]
[LiveChessVersion "1.3.1"]
[BlackElo "2572"]
[WhiteElo "2445"]

1. e4 c5 2. Nf3 e6 3. g3 d5 4. exd5 exd5 5. d4 Nc6 6. Bg2 Bg4 7. O-O Nxd4 8. Qe1+
Be7 9. Nxd4 cxd4 10. Qe5 Nf6 11. Qxd4 O-O 12. Nc3 Be6 13. Be3 Qa5 14. Rfd1 Rfd8
15. Qa4 Qxa4 16. Nxa4 Ne4 17. c4 f5 18. cxd5 Bxd5 19. Nc5 Bf6 20. Nxe4 fxe4 21.
Rd2 Bc6 22. Rad1 Rxd2 23. Rxd2 a5 24. Bf1 Kf7 25. Bc4+ Kg6 26. Kf1 a4 27. a3 h5
28. h4 Rc8 29. Rd6 Be8 30. Bd5 Bc6 31. Bc4 Be8 32. Bd5 1/2-1/2

[Event "ureki2015"]
[Site "?"]
[Date "2015.10.08"]
[Round "4.3"]
[White "Azaladze, Shota"]
[Black "Managadze, Nikoloz"]
[Result "1-0"]
[LiveChessVersion "1.3.1"]
[BlackElo "2459"]
[WhiteElo "2475"]

1. Nf3 {[%clk 1:30:55]} Nf6 {[%clk 1:30:16]} 2. g3 {[%clk 1:31:06]} b5
{[%clk 1:30:26]} 3. b3 {[%clk 1:30:11]} Bb7 {[%clk 1:29:04]} 4. Bg2
{[%clk 1:30:21]} c5 {[%clk 1:28:49]} 5. c4 {[%clk 1:30:32]} b4 {[%clk 1:28:03]}
6. O-O {[%clk 1:30:52]} e6 {[%clk 1:28:02]} 7. Bb2 {[%clk 1:24:53]} Be7
{[%clk 1:23:12]} 8. d4 {[%clk 1:22:31]} cxd4 {[%clk 1:21:22]} 9. Qxd4
{[%clk 1:19:16]} d6 10. Qd2 {[%clk 1:07:00]} a5 {[%clk 1:18:23]} 11. Qc2
{[%clk 1:03:41]} Nbd7 {[%clk 1:14:50]} 12. Nbd2 {[%clk 1:03:45]} Nc5
{[%clk 1:12:28]} 13. Ng5 {[%clk 0:52:26]} Qc7 {[%clk 1:04:10]} 14. Nde4
{[%clk 0:45:52]} Nfxe4 {[%clk 1:00:53]} 15. Nxe4 {[%clk 0:45:36]} O-O
{[%clk 1:01:13]} 16. Rfd1 {[%clk 0:41:17]} Rfd8 {[%clk 1:00:17]} 17. h4
{[%clk 0:38:35]} h6 {[%clk 1:00:00]} 18. Nxc5 {[%clk 0:29:15]} dxc5
{[%clk 0:59:41]} 19. a4 {[%clk 0:29:41]} Bxg2 {[%clk 0:49:43]} 20. Kxg2 Bf6
{[%clk 0:44:37]} 21. Bxf6 {[%clk 0:29:43]} gxf6 {[%clk 0:44:58]} 22. Qe4
{[%clk 0:28:48]} Qe5 {[%clk 0:45:02]} 23. Qg4+ {[%clk 0:23:41]} Kf8
{[%clk 0:44:10]} 24. Rab1 {[%clk 0:21:05]} f5 {[%clk 0:43:56]} 25. Qf3
{[%clk 0:20:53]} Qe4 {[%clk 0:43:09]} 26. Qxe4 {[%clk 0:18:29]} fxe4
{[%clk 0:43:32]} 27. g4 {[%clk 0:18:47]} Ke7 {[%clk 0:41:41]} 28. Kg3
{[%clk 0:19:00]} e5 {[%clk 0:42:02]} 29. f4 {[%clk 0:13:29]} exf3
{[%clk 0:41:20]} 30. Kxf3 {[%clk 0:13:43]} Ke6 {[%clk 0:41:42]} 31. e3
{[%clk 0:08:38]} f5 {[%clk 0:39:40]} 32. gxf5+ {[%clk 0:08:49]} Kxf5
{[%clk 0:40:08]} 33. Rd5 {[%clk 0:07:59]} Rxd5 {[%clk 0:32:18]} 34. e4+
{[%clk 0:08:20]} Kf6 {[%clk 0:32:44]} 35. exd5 {[%clk 0:04:56]} Rg8
{[%clk 0:30:46]} 36. Rf1 {[%clk 0:05:12]} Ke7 {[%clk 0:30:38]} 37. Ke4
{[%clk 0:05:27]} Rg3 {[%clk 0:30:36]} 38. Rf3 {[%clk 0:05:38]} Rg1
{[%clk 0:29:24]} 39. Kxe5 {[%clk 0:05:55]} Re1+ {[%clk 0:29:50]} 40. Kf5
{[%clk 0:35:24]} Rh1 {[%clk 0:59:51]} 41. Kg4 {[%clk 0:25:24]} Rh2
{[%clk 0:59:39]} 42. Kh5 {[%clk 0:17:20]} Rh1 {[%clk 0:58:43]} 43. Rg3
{[%clk 0:16:47]} Kf7 {[%clk 0:58:20]} 44. Re3 {[%clk 0:16:05]} Rh2
{[%clk 0:58:09]} 45. Kg4 {[%clk 0:15:55]} Rb2 {[%clk 0:57:36]} 46. Kf5
{[%clk 0:16:12]} Rf2+ {[%clk 0:57:54]} 47. Ke5 {[%clk 0:16:24]} Ke7
{[%clk 0:58:03]} 48. d6+ {[%clk 0:16:04]} Kd7 {[%clk 0:58:29]} 49. Kd5
{[%clk 0:16:28]} Rd2+ {[%clk 0:57:20]} 50. Kxc5 {[%clk 0:16:51]} Rxd6
{[%clk 0:57:46]} 51. Kb5 {[%clk 0:17:06]} 1-0

[Event "ureki2015"]
[Site "?"]
[Date "2015.10.08"]
[Round "4.4"]
[White "Arabidze, Meri"]
[Black "Gvetadze, Sofio"]
[Result "0-1"]
[LiveChessVersion "1.3.1"]
[BlackElo "2314"]
[WhiteElo "2405"]

1. d4 {[%clk 1:30:51]} Nf6 {[%clk 1:30:50]} 2. c4 {[%clk 1:31:14]} e5
{[%clk 1:29:56]} 3. dxe5 {[%clk 1:30:23]} Ng4 {[%clk 1:30:21]} 4. Bf4
{[%clk 1:30:12]} g5 {[%clk 1:30:25]} 5. Bd2 {[%clk 1:23:25]} Nxe5
{[%clk 1:30:27]} 6. Nf3 {[%clk 1:19:57]} Bg7 {[%clk 1:25:46]} 7. Nxe5
{[%clk 1:17:02]} Bxe5 {[%clk 1:26:10]} 8. Bc3 {[%clk 1:17:26]} Nc6
{[%clk 1:25:43]} 9. e3 {[%clk 1:15:02]} d6 {[%clk 1:25:17]} 10. Be2
{[%clk 1:15:00]} Be6 {[%clk 1:21:48]} 11. Qb3 Qd7 {[%clk 1:16:33]} 12. O-O
{[%clk 1:01:44]} O-O-O {[%clk 1:11:27]} 13. Bf3 {[%clk 1:00:20]} g4
{[%clk 0:54:54]} 14. Bd5 {[%clk 1:00:07]} Bxd5 {[%clk 0:53:43]} 15. cxd5
{[%clk 1:00:25]} Ne7 {[%clk 0:54:02]} 16. Rc1 {[%clk 0:56:23]} Kb8
{[%clk 0:54:02]} 17. Na3 {[%clk 0:53:32]} c6 {[%clk 0:49:31]} 18. dxc6
{[%clk 0:41:45]} Nxc6 {[%clk 0:49:50]} 19. Rd1 {[%clk 0:42:13]} f6 20. Qd5
{[%clk 0:30:46]} Rhg8 {[%clk 0:26:26]} 21. Bxe5 {[%clk 0:22:37]} fxe5
{[%clk 0:24:45]} 22. Nc4 {[%clk 0:21:10]} Rg6 {[%clk 0:25:06]} 23. b4
{[%clk 0:18:15]} Qf5 {[%clk 0:24:20]} 24. Na5 {[%clk 0:15:02]} Nxa5
{[%clk 0:17:23]} 25. bxa5 {[%clk 0:15:27]} a6 {[%clk 0:17:43]} 26. Rab1
{[%clk 0:14:44]} Rg7 {[%clk 0:18:03]} 27. Rb6 {[%clk 0:12:58]} Rf7
{[%clk 0:16:23]} 28. Rd2 {[%clk 0:13:17]} Rc8 {[%clk 0:09:55]} 29. Qxd6+
{[%clk 0:08:06]} Ka7 {[%clk 0:10:14]} 30. Qa3 {[%clk 0:08:26]} Rc2
{[%clk 0:10:03]} 31. e4 {[%clk 0:00:42]} Rxd2 {[%clk 0:06:52]} 32. Rxb7+
{[%clk 0:00:46]} Rxb7 {[%clk 0:07:12]} 0-1

[Event "ureki2015"]
[Site "?"]
[Date "2015.10.08"]
[Round "4.5"]
[White "Beradze, Irakli"]
[Black "Tutisani, Noe"]
[Result "1-0"]
[LiveChessVersion "1.3.1"]
[BlackElo "2335"]
[WhiteElo "2416"]

1. d4 {[%clk 1:30:49]} Nf6 {[%clk 1:30:49]} 2. c4 {[%clk 1:31:13]} g6
{[%clk 1:31:13]} 3. Nc3 {[%clk 1:31:39]} Bg7 {[%clk 1:31:37]} 4. e4
{[%clk 1:31:51]} d6 {[%clk 1:32:03]} 5. Nf3 {[%clk 1:31:36]} O-O {[%clk 1:32:26]}
6. Be2 {[%clk 1:32:02]} e5 {[%clk 1:32:49]} 7. O-O {[%clk 1:32:26]} Nbd7
{[%clk 1:33:15]} 8. Re1 {[%clk 1:32:34]} c6 {[%clk 1:33:37]} 9. Bf1
{[%clk 1:31:26]} exd4 10. Nxd4 {[%clk 1:31:48]} Re8 {[%clk 1:34:25]} 11. f3
{[%clk 1:29:01]} a5 {[%clk 1:27:08]} 12. Be3 {[%clk 1:26:49]} Nc5
{[%clk 1:26:45]} 13. Qd2 {[%clk 1:23:54]} a4 {[%clk 1:24:12]} 14. Rad1
{[%clk 1:22:13]} Nfd7 {[%clk 1:23:24]} 15. Bf2 Qa5 16. Nc2 {[%clk 1:00:07]} Be5
{[%clk 1:16:21]} 17. g3 {[%clk 0:57:40]} Nf6 {[%clk 1:15:55]} 18. Bg2
{[%clk 0:55:20]} Be6 {[%clk 1:06:59]} 19. Nd4 {[%clk 0:50:16]} Bxc4
{[%clk 1:05:41]} 20. f4 {[%clk 0:50:33]} Nd3 {[%clk 1:05:04]} 21. fxe5
{[%clk 0:50:53]} dxe5 {[%clk 1:05:24]} 22. Nf5 {[%clk 0:32:42]} Ng4 23. Nh6+
{[%clk 0:21:24]} Nxh6 {[%clk 0:55:11]} 24. Qxh6 {[%clk 0:21:50]} Nxb2
{[%clk 0:55:25]} 25. Rc1 {[%clk 0:20:23]} b5 {[%clk 0:49:51]} 26. Bf1
{[%clk 0:19:12]} Bxf1 {[%clk 0:38:43]} 27. Rxf1 {[%clk 0:19:39]} Nd3
{[%clk 0:39:08]} 28. Rc2 {[%clk 0:18:38]} Nxf2 {[%clk 0:39:31]} 29. Rcxf2
{[%clk 0:17:51]} Ra7 {[%clk 0:37:19]} 30. Nd1 {[%clk 0:18:09]} Qb4
{[%clk 0:37:39]} 31. Ne3 {[%clk 0:11:41]} Qxe4 {[%clk 0:14:04]} 32. Qg5
{[%clk 0:12:07]} h5 {[%clk 0:06:32]} 33. Nf5 {[%clk 0:06:43]} Qd5
{[%clk 0:05:39]} 34. g4 {[%clk 0:02:48]} e4 {[%clk 0:04:35]} 35. Nh6+
{[%clk 0:02:11]} 1-0

[Event "ureki2015"]
[Site "?"]
[Date "2015.10.08"]
[Round "4.6"]
[White "Choladze, Mariam"]
[Black "Khomeriki, Nino"]
[Result "1/2-1/2"]
[LiveChessVersion "1.3.1"]
[BlackElo "2295"]
[WhiteElo "2095"]

1. e4 e5 2. Nf3 Nc6 3. Bb5 a6 4. Ba4 Nf6 5. O-O Be7 {[%clk 1:32:39]} 6. Re1
{[%clk 1:31:26]} b5 {[%clk 1:33:04]} 7. Bb3 {[%clk 1:31:52]} O-O {[%clk 1:33:29]}
8. c3 {[%clk 1:32:18]} d6 {[%clk 1:33:55]} 9. h3 {[%clk 1:32:21]} Nb8
{[%clk 1:34:13]} 10. d4 {[%clk 1:28:56]} Nbd7 {[%clk 1:35:01]} 11. Nbd2
{[%clk 1:28:56]} c5 {[%clk 1:35:01]} 12. Nf1 {[%clk 1:27:43]} Re8
{[%clk 1:34:30]} 13. Bc2 exd4 {[%clk 1:32:19]} 14. cxd4 {[%clk 1:25:39]} Bb7
{[%clk 1:31:20]} 15. Ng3 {[%clk 1:20:14]} Bf8 16. Bg5 {[%clk 1:07:52]} cxd4
{[%clk 1:27:13]} 17. Nxd4 {[%clk 0:59:58]} g6 {[%clk 1:23:49]} 18. Qd2
{[%clk 0:52:47]} Rc8 {[%clk 1:10:12]} 19. Rad1 {[%clk 0:48:21]} Nc5
{[%clk 1:01:13]} 20. b4 {[%clk 0:41:47]} Ncd7 {[%clk 0:53:32]} 21. Bh6
{[%clk 0:23:31]} Re5 {[%clk 0:53:54]} 22. Bxf8 {[%clk 0:23:06]} Qxf8
{[%clk 0:49:23]} 23. Nf3 {[%clk 0:20:06]} Ree8 24. Re2 Rc6 {[%clk 0:37:32]} 25.
Bb3 {[%clk 0:17:55]} Ne5 {[%clk 0:35:53]} 26. Nd4 {[%clk 0:16:33]} Rc7
{[%clk 0:33:50]} 27. Qg5 {[%clk 0:10:03]} Qg7 {[%clk 0:32:53]} 28. a4
{[%clk 0:10:12]} bxa4 {[%clk 0:26:03]} 29. Bxa4 Rec8 30. Nb3 {[%clk 0:08:15]} h6
{[%clk 0:23:29]} 31. Qf4 {[%clk 0:06:39]} Rc4 {[%clk 0:23:34]} 32. Rxd6
{[%clk 0:05:52]} Nd5 {[%clk 0:23:38]} 33. Qd2 {[%clk 0:04:39]} Nc3
{[%clk 0:23:40]} 34. Na5 {[%clk 0:01:56]} Rxb4 {[%clk 0:02:14]} 35. Re3
{[%clk 0:01:00]} Nc4 {[%clk 0:02:43]} 36. Nxc4 {[%clk 0:00:31]} Rcxc4
{[%clk 0:02:12]} 37. Bc2 {[%clk 0:00:47]} Rb2 {[%clk 0:00:44]} 38. Nf5
{[%clk 0:01:06]} Nxe4 39. Rxe4 {[%clk 0:30:53]} Rbxc2 {[%clk 0:00:35]} 40. Re8+
{[%clk 0:30:14]} Kh7 {[%clk 0:31:16]} 41. Nxg7 {[%clk 0:30:14]} Rxd2
{[%clk 0:31:16]} 42. Rxd2 Kxg7 {[%clk 0:31:40]} 43. Re7 {[%clk 0:31:00]} Bc8
{[%clk 0:31:26]} 44. Ra7 {[%clk 0:24:35]} Rc6 1/2-1/2

[Event "ureki2015"]
[Site "?"]
[Date "2015.10.08"]
[Round "4.7"]
[White "Bakhtadze, Levan"]
[Black "Gelashvili, Tamaz"]
[Result "0-1"]
[LiveChessVersion "1.3.1"]
[BlackElo "2570"]
[WhiteElo "2072"]

1. e4 {[%clk 1:30:54]} e5 {[%clk 1:30:55]} 2. Nf3 {[%clk 1:31:18]} d6
{[%clk 1:31:20]} 3. d4 {[%clk 1:30:50]} exd4 {[%clk 1:31:44]} 4. Nxd4
{[%clk 1:31:16]} Nf6 {[%clk 1:32:09]} 5. Nc3 {[%clk 1:29:03]} Be7
{[%clk 1:32:33]} 6. Be2 {[%clk 1:29:27]} O-O {[%clk 1:32:57]} 7. O-O
{[%clk 1:29:54]} Re8 {[%clk 1:33:22]} 8. Re1 {[%clk 1:30:08]} Bf8
{[%clk 1:33:44]} 9. Bg5 {[%clk 1:29:46]} h6 {[%clk 1:33:51]} 10. Bh4
{[%clk 1:27:29]} g5 {[%clk 1:32:59]} 11. Bg3 {[%clk 1:24:13]} Nxe4
{[%clk 1:31:08]} 12. Nxe4 {[%clk 1:22:21]} Rxe4 {[%clk 1:31:21]} 13. Qd3
{[%clk 1:22:33]} Re7 {[%clk 1:22:00]} 14. h4 {[%clk 1:18:13]} Nc6 15. Nf3
{[%clk 0:57:11]} g4 {[%clk 1:15:19]} 16. Nh2 {[%clk 0:54:34]} Qe8
{[%clk 1:11:13]} 17. Qd2 {[%clk 0:40:45]} f5 {[%clk 1:05:35]} 18. f3
{[%clk 0:34:10]} gxf3 {[%clk 1:05:07]} 19. Nxf3 {[%clk 0:34:05]} Be6
{[%clk 1:04:21]} 20. Bf4 {[%clk 0:32:09]} Qg6 {[%clk 1:04:29]} 21. h5
{[%clk 0:18:23]} Qf6 22. Bg3 {[%clk 0:13:04]} Rg7 {[%clk 0:59:42]} 23. Bh4
{[%clk 0:10:27]} Qf7 {[%clk 0:59:32]} 24. b3 {[%clk 0:05:26]} Rg4
{[%clk 0:57:42]} 25. Bf2 {[%clk 0:04:45]} Bg7 {[%clk 0:57:09]} 26. c3
{[%clk 0:05:03]} Re4 {[%clk 0:55:39]} 27. Rf1 {[%clk 0:04:40]} Bxc3
{[%clk 0:45:53]} 28. Qxc3 {[%clk 0:05:07]} Rxe2 {[%clk 0:46:13]} 29. Rae1
{[%clk 0:03:03]} Rxe1 {[%clk 0:46:12]} 30. Rxe1 {[%clk 0:03:26]} Bd5
{[%clk 0:46:34]} 31. Nd4 {[%clk 0:03:12]} Ne5 {[%clk 0:45:12]} 32. Bg3
{[%clk 0:01:45]} Re8 {[%clk 0:44:43]} 33. Qd2 {[%clk 0:01:36]} Kh7
{[%clk 0:37:13]} 34. Rf1 {[%clk 0:00:31]} Be4 {[%clk 0:36:53]} 35. Ne2
{[%clk 0:00:32]} Qxh5 {[%clk 0:36:01]} 36. Nc3 {[%clk 0:00:33]} Qg6
{[%clk 0:35:03]} 37. Nxe4 {[%clk 0:00:32]} fxe4 {[%clk 0:35:26]} 0-1

[Event "ureki2015"]
[Site "?"]
[Date "2015.10.08"]
[Round "4.8"]
[White "Paichadze, Luka"]
[Black "Kobakhidze, Irakli"]
[Result "1-0"]
[LiveChessVersion "1.3.1"]
[BlackElo "1511"]
[WhiteElo "2568"]

1. e4 c5 2. Nf3 b6 3. d4 cxd4 4. Nxd4 Bb7 5. Nc3 e6 6. Be3 Ne7 7. Ndb5 Nc8 8. Qg4
g6 9. Bd4 Rg8 10. Qf4 d6 11. Bf6 Qd7 12. O-O-O Nc6 13. e5 d5 14. Nxd5 exd5 15. e6
fxe6 16. Nc7+ Qxc7 17. Qxc7 Rb8 18. Bb5 1-0

[Event "ureki2015"]
[Site "?"]
[Date "2015.10.08"]
[Round "4.9"]
[White "Petriashvili, Nikoloz"]
[Black "Mgeladze, Tamaz"]
[Result "1-0"]
[LiveChessVersion "1.3.1"]
[BlackElo "2339"]
[WhiteElo "2240"]

1. d4 {[%clk 1:30:54]} Nf6 {[%clk 1:30:40]} 2. c4 {[%clk 1:31:18]} e5
{[%clk 1:30:25]} 3. dxe5 {[%clk 1:26:59]} Ng4 {[%clk 1:30:41]} 4. Nf3
{[%clk 1:26:50]} Bc5 {[%clk 1:30:56]} 5. e3 {[%clk 1:26:35]} Nc6 {[%clk 1:31:18]}
6. Bd2 {[%clk 1:23:28]} O-O {[%clk 1:28:42]} 7. Bc3 {[%clk 1:23:23]} Re8
{[%clk 1:27:25]} 8. Nbd2 {[%clk 1:17:38]} d6 9. Be2 {[%clk 1:04:51]} Ngxe5
{[%clk 1:05:54]} 10. O-O {[%clk 1:04:29]} Bf5 {[%clk 1:02:51]} 11. Nb3
{[%clk 1:00:18]} Bb6 {[%clk 0:56:46]} 12. Nbd4 {[%clk 0:59:32]} Bd7
{[%clk 0:42:43]} 13. b4 {[%clk 0:58:28]} Qe7 {[%clk 0:34:58]} 14. Rc1
{[%clk 0:54:57]} a5 {[%clk 0:31:56]} 15. a3 {[%clk 0:53:52]} axb4
{[%clk 0:31:58]} 16. axb4 Nd8 17. Ra1 {[%clk 0:51:01]} Rxa1 {[%clk 0:22:38]} 18.
Qxa1 {[%clk 0:50:36]} c6 {[%clk 0:21:57]} 19. Rd1 {[%clk 0:44:30]} Bc7
{[%clk 0:20:28]} 20. b5 {[%clk 0:41:14]} f6 {[%clk 0:17:06]} 21. Qa7
{[%clk 0:38:55]} d5 {[%clk 0:12:25]} 22. bxc6 {[%clk 0:25:23]} Bxc6
{[%clk 0:12:54]} 23. Nxc6 {[%clk 0:23:31]} bxc6 {[%clk 0:12:46]} 24. Nxe5
{[%clk 0:22:21]} Bxe5 {[%clk 0:09:43]} 25. Qxe7 {[%clk 0:22:21]} Rxe7
{[%clk 0:10:12]} 26. Bxe5 {[%clk 0:20:26]} Rxe5 {[%clk 0:10:31]} 27. cxd5
{[%clk 0:20:01]} cxd5 {[%clk 0:11:00]} 28. Bf3 {[%clk 0:19:40]} Nf7
{[%clk 0:10:47]} 29. Bxd5 {[%clk 0:19:36]} Kf8 {[%clk 0:10:39]} 30. h4
{[%clk 0:17:33]} Nd6 {[%clk 0:09:21]} 31. Bb3 {[%clk 0:17:21]} Ke7
{[%clk 0:09:40]} 32. Ra1 {[%clk 0:17:08]} Rb5 {[%clk 0:09:52]} 33. Bc2
{[%clk 0:17:00]} h6 {[%clk 0:09:41]} 34. Bd3 {[%clk 0:16:53]} Rb3
{[%clk 0:09:56]} 35. Ra7+ {[%clk 0:16:29]} Rb7 {[%clk 0:10:24]} 36. Ra3
{[%clk 0:16:32]} Rb2 {[%clk 0:08:16]} 37. g3 {[%clk 0:16:07]} Ke6
{[%clk 0:08:27]} 38. Kg2 {[%clk 0:14:41]} f5 {[%clk 0:08:01]} 39. Ra4
{[%clk 0:13:50]} Rd2 {[%clk 0:07:33]} 40. Rd4 {[%clk 0:43:58]} Ke5
{[%clk 0:36:00]} 41. Kf1 {[%clk 0:42:42]} Rb2 {[%clk 0:35:29]} 42. h5
{[%clk 0:42:10]} Ra2 {[%clk 0:31:32]} 43. g4 {[%clk 0:40:44]} Ra5
{[%clk 0:30:38]} 44. Kg2 {[%clk 0:38:28]} Ke6 {[%clk 0:30:33]} 45. gxf5+
{[%clk 0:36:35]} Nxf5 {[%clk 0:31:01]} 46. Rf4 {[%clk 0:33:38]} Ne7
{[%clk 0:30:05]} 47. Be2 {[%clk 0:33:47]} Rg5+ {[%clk 0:29:45]} 48. Bg4+
{[%clk 0:33:19]} Kd6 {[%clk 0:29:02]} 49. Rd4+ {[%clk 0:31:12]} Rd5
{[%clk 0:28:45]} 50. Ra4 {[%clk 0:31:05]} Ng8 {[%clk 0:28:41]} 51. Ra6+
{[%clk 0:29:35]} Ke7 {[%clk 0:28:57]} 52. Ra7+ {[%clk 0:29:40]} Kf6
{[%clk 0:27:52]} 53. f4 {[%clk 0:28:47]} g5 {[%clk 0:26:34]} 54. hxg6
{[%clk 0:27:32]} Kxg6 {[%clk 0:26:53]} 55. e4 {[%clk 0:25:05]} Rc5
{[%clk 0:23:24]} 56. Kg3 {[%clk 0:20:54]} Rc1 {[%clk 0:20:26]} 57. f5+
{[%clk 0:19:56]} Kf6 {[%clk 0:20:53]} 58. Kf4 {[%clk 0:19:49]} Rc4
{[%clk 0:21:21]} 59. Bh5 {[%clk 0:17:39]} Ne7 {[%clk 0:20:28]} 60. Ra6+
{[%clk 0:17:36]} Kxf5+ {[%clk 0:19:15]} 61. exf5 1-0

[Event "ureki2015"]
[Site "?"]
[Date "2015.10.08"]
[Round "4.10"]
[White "Khurtsidze, Nino"]
[Black "Gavasheli, Ana"]
[Result "1-0"]
[LiveChessVersion "1.3.1"]
[BlackElo "2168"]
[WhiteElo "2426"]

1. d4 {[%clk 1:30:53]} d5 {[%clk 1:30:56]} 2. Nf3 {[%clk 1:31:14]} e6
{[%clk 1:31:18]} 3. c4 {[%clk 1:31:32]} c5 {[%clk 1:31:43]} 4. cxd5
{[%clk 1:31:54]} exd5 {[%clk 1:32:10]} 5. Nc3 {[%clk 1:32:19]} Nc6
{[%clk 1:32:35]} 6. g3 {[%clk 1:32:41]} Nf6 {[%clk 1:33:00]} 7. Bg2
{[%clk 1:33:06]} Be7 {[%clk 1:33:26]} 8. O-O {[%clk 1:33:29]} O-O
{[%clk 1:33:51]} 9. b3 {[%clk 1:32:39]} b6 {[%clk 1:32:20]} 10. Bb2
{[%clk 1:32:27]} Bb7 {[%clk 1:32:15]} 11. dxc5 {[%clk 1:29:40]} bxc5
{[%clk 1:31:56]} 12. Rc1 {[%clk 1:29:53]} Rc8 {[%clk 1:12:56]} 13. Bh3
{[%clk 1:28:38]} Rb8 14. Na4 {[%clk 1:20:22]} Ne4 {[%clk 1:02:31]} 15. Nd2
{[%clk 1:19:04]} Qa5 {[%clk 1:02:03]} 16. Nxe4 {[%clk 1:04:19]} dxe4
{[%clk 1:02:26]} 17. Qe1 {[%clk 1:04:44]} Qa6 {[%clk 0:47:12]} 18. Rxc5
{[%clk 0:51:18]} e3 19. Rc4 {[%clk 0:44:30]} Na5 {[%clk 0:22:17]} 20. Rg4
{[%clk 0:35:08]} f6 {[%clk 0:21:51]} 21. fxe3 {[%clk 0:35:21]} Bc8
{[%clk 0:18:51]} 22. Rh4 {[%clk 0:34:46]} Bxh3 {[%clk 0:16:52]} 23. Rxh3
{[%clk 0:35:12]} Nxb3 {[%clk 0:11:35]} 24. axb3 {[%clk 0:35:01]} Rxb3
{[%clk 0:12:01]} 25. Rh4 {[%clk 0:28:04]} f5 {[%clk 0:08:33]} 26. Rhf4
{[%clk 0:25:51]} Rxe3 {[%clk 0:06:45]} 27. Qd2 {[%clk 0:20:36]} Rxe2
{[%clk 0:06:37]} 28. Qd5+ {[%clk 0:20:59]} Kh8 {[%clk 0:06:33]} 29. Rxf5
{[%clk 0:21:12]} Rxf5 {[%clk 0:01:32]} 30. Qa8+ {[%clk 0:20:57]} 1-0

[Event "ureki2015"]
[Site "?"]
[Date "2015.10.08"]
[Round "4.11"]
[White "Metreveli, Lekso"]
[Black "Bortnyk, Olexandr"]
[Result "0-1"]
[LiveChessVersion "1.3.1"]
[BlackElo "2557"]
[WhiteElo "1443"]

1. d4 {[%clk 1:30:58]} d6 {[%clk 1:29:55]} 2. c4 {[%clk 1:31:16]} e5
{[%clk 1:30:19]} 3. dxe5 {[%clk 1:31:20]} dxe5 {[%clk 1:30:43]} 4. Qxd8+
{[%clk 1:31:45]} Kxd8 {[%clk 1:31:08]} 5. Nc3 {[%clk 1:31:40]} Be6
{[%clk 1:31:31]} 6. e3 {[%clk 1:29:15]} Nd7 {[%clk 1:31:15]} 7. Nf3
{[%clk 1:28:49]} h6 {[%clk 1:30:35]} 8. Be2 {[%clk 1:28:43]} f5 {[%clk 1:29:02]}
9. b3 {[%clk 1:25:20]} g5 {[%clk 1:26:18]} 10. Bb2 {[%clk 1:24:15]} Bg7
{[%clk 1:24:40]} 11. O-O-O {[%clk 1:22:09]} Ne7 {[%clk 1:21:49]} 12. Na4
{[%clk 1:17:36]} Ke8 {[%clk 1:20:51]} 13. Rxd7 {[%clk 1:16:29]} Bxd7 14. Nxe5
{[%clk 1:14:32]} Bxa4 {[%clk 1:20:33]} 15. Bh5+ {[%clk 1:14:29]} Kf8 16. bxa4
{[%clk 1:13:52]} Bxe5 {[%clk 1:19:43]} 17. Bxe5 {[%clk 1:14:14]} Rg8
{[%clk 1:20:03]} 18. Rd1 {[%clk 1:04:42]} Ng6 {[%clk 1:20:06]} 19. Bxc7
{[%clk 0:56:07]} Rc8 {[%clk 1:20:10]} 20. Bd6+ {[%clk 0:56:16]} Kg7
{[%clk 1:20:32]} 21. Be2 {[%clk 0:45:20]} b6 {[%clk 1:18:53]} 22. c5
{[%clk 0:44:42]} bxc5 {[%clk 1:18:11]} 23. Ba6 {[%clk 0:31:16]} Rcd8
{[%clk 1:14:07]} 24. Bc4 {[%clk 0:30:38]} Rge8 {[%clk 1:12:39]} 25. Bb5
{[%clk 0:30:19]} Rh8 {[%clk 1:12:04]} 26. f3 {[%clk 0:22:24]} Kf6 27. f4
{[%clk 0:16:54]} gxf4 {[%clk 1:04:58]} 28. exf4 {[%clk 0:17:13]} h5
{[%clk 1:03:30]} 29. h3 {[%clk 0:08:35]} h4 {[%clk 1:03:18]} 30. Kc2
{[%clk 0:07:31]} Kg7 {[%clk 1:01:57]} 31. Rd2 {[%clk 0:04:47]} Kh7
{[%clk 1:00:21]} 32. Kd1 {[%clk 0:03:59]} Rhg8 {[%clk 0:59:42]} 33. Ke1
{[%clk 0:03:08]} Rg7 {[%clk 0:58:01]} 34. Bc6 {[%clk 0:01:46]} Rf7
{[%clk 0:57:30]} 35. a5 {[%clk 0:01:26]} Rf6 {[%clk 0:57:31]} 36. Be5
{[%clk 0:01:06]} Rxd2 {[%clk 0:57:56]} 37. Bxf6 {[%clk 0:01:25]} Rd6
{[%clk 0:58:22]} 0-1

[Event "ureki2015"]
[Site "?"]
[Date "2015.10.08"]
[Round "4.12"]
[White "Ziaziulkina, Nastassia"]
[Black "Kostava, Elene"]
[Result "1-0"]
[LiveChessVersion "1.3.1"]
[BlackElo "1775"]
[WhiteElo "2402"]

1. e4 {[%clk 1:30:56]} c6 {[%clk 1:30:55]} 2. d4 {[%clk 1:31:14]} d5
{[%clk 1:31:19]} 3. Nc3 {[%clk 1:31:40]} dxe4 {[%clk 1:31:41]} 4. Nxe4
{[%clk 1:32:06]} Bf5 {[%clk 1:32:01]} 5. Ng3 {[%clk 1:32:26]} Bg6
{[%clk 1:32:23]} 6. Bc4 {[%clk 1:32:30]} Nf6 {[%clk 1:30:16]} 7. N1e2
{[%clk 1:31:46]} e6 {[%clk 1:28:24]} 8. O-O {[%clk 1:31:04]} Bd6 {[%clk 1:25:30]}
9. Nf4 {[%clk 1:31:01]} Bxf4 {[%clk 1:24:07]} 10. Bxf4 {[%clk 1:31:20]} O-O
{[%clk 1:24:12]} 11. Bb3 {[%clk 1:23:41]} Na6 12. Be3 {[%clk 1:00:40]} Re8
{[%clk 1:11:52]} 13. c3 {[%clk 0:57:39]} Nd5 {[%clk 1:09:21]} 14. Qf3
{[%clk 0:54:04]} Nxe3 {[%clk 1:05:34]} 15. fxe3 {[%clk 0:53:47]} Kh8
{[%clk 0:54:57]} 16. Rad1 {[%clk 0:46:02]} Nc7 {[%clk 0:51:35]} 17. e4
{[%clk 0:39:58]} Rc8 18. Qg4 {[%clk 0:28:50]} f6 {[%clk 0:28:10]} 19. h4
{[%clk 0:26:39]} Bf7 {[%clk 0:27:02]} 20. h5 {[%clk 0:24:03]} h6 {[%clk 0:24:03]}
21. Ne2 {[%clk 0:24:15]} Qe7 {[%clk 0:19:12]} 22. Nf4 {[%clk 0:22:13]} Rcd8
{[%clk 0:16:49]} 23. Rf2 {[%clk 0:15:41]} Rd7 {[%clk 0:12:11]} 24. Rd3
{[%clk 0:12:26]} Red8 {[%clk 0:08:20]} 25. Rg3 {[%clk 0:11:47]} Rg8
{[%clk 0:08:20]} 26. Nd3 {[%clk 0:07:24]} Na6 {[%clk 0:05:27]} 27. Bc2
{[%clk 0:04:07]} Qe8 {[%clk 0:04:35]} 28. Rh3 {[%clk 0:03:58]} e5 29. dxe5
{[%clk 0:03:58]} Be6 {[%clk 0:02:33]} 30. Rf5 {[%clk 0:04:21]} Bxf5
{[%clk 0:01:16]} 31. Qxf5 {[%clk 0:04:01]} Rxd3 {[%clk 0:01:34]} 32. Bxd3
{[%clk 0:01:07]} fxe5 {[%clk 0:01:57]} 33. Bxa6 {[%clk 0:01:09]} Rf8
{[%clk 0:01:27]} 34. Qg6 {[%clk 0:01:28]} Qxg6 {[%clk 0:01:14]} 35. hxg6
{[%clk 0:01:56]} bxa6 {[%clk 0:01:40]} 36. Rd3 {[%clk 0:02:14]} Kg8
{[%clk 0:01:37]} 37. Rd7 {[%clk 0:02:23]} Rf6 {[%clk 0:01:21]} 38. Rxa7
{[%clk 0:02:46]} Rxg6 {[%clk 0:01:45]} 39. Rxa6 {[%clk 0:03:13]} Kf7
{[%clk 0:01:49]} 40. b4 {[%clk 0:32:13]} h5 {[%clk 0:30:50]} 41. a4
{[%clk 0:25:09]} Ke7 {[%clk 0:30:52]} 42. b5 {[%clk 0:24:23]} Kd7
{[%clk 0:31:18]} 43. b6 {[%clk 0:24:04]} Rg3 {[%clk 0:30:46]} 44. b7
{[%clk 0:22:54]} Kc7 {[%clk 0:30:54]} 45. Rb6 {[%clk 0:23:16]} Kb8
{[%clk 0:31:16]} 46. a5 {[%clk 0:23:39]} Rxc3 {[%clk 0:31:24]} 47. a6
{[%clk 0:24:04]} Ra3 {[%clk 0:31:47]} 48. Rxc6 {[%clk 0:24:19]} Rb3
{[%clk 0:31:43]} 49. Rc8+ {[%clk 0:24:37]} 1-0